Praha městský atlas /

Další autoři: Mašek, Petr, 1959-
Jazyk: Němčina
Čeština
Angličtina
Vydáno: Česká Lípa : Geodézie ČS, 1998
Vydání: 1., rozš. vyd.
Edice: Geobáze
Témata:
Fyzický popis: 1 atlas (311 s.) ; 24 cm
Mapy
Uloženo v:
LEADER 00974nem a2200313 a 4500
001 000426920
003 CZ BrMZK
005 20110110152220.0
007 ad canzn
008 990320s1998 xr d cze d
020 |a 80-900-2313-4 
034 1 |a a  |b 10000 
040 |a BOA001  |b cze 
041 1 |a cze  |a eng  |a ger 
080 |a 912(437.10)  |2 MRF 
245 0 0 |a Praha  |h [kartografický dokument] :  |b městský atlas /  |c [Petr Mašek ... et al.] 
250 |a 1., rozš. vyd. 
255 |a Měřítko 1:10 000 
260 |a Česká Lípa :  |b Geodézie ČS,  |c 1998 
300 |a 1 atlas (311 s.) ;  |c 24 cm 
490 1 |a Geobáze 
500 |a Podnáz. a text též angl. a něm. 
653 0 |a Praha (Česko) 
700 1 |a Mašek, Petr,  |d 1959-  |7 jn20000620219  |4 aut 
830 0 |a Geobáze 
910 |a BOA001  |b 2-1061.087 
964 |a Praha  |x plány  |x atlasy 
990 |a MP 
996 6 |b 2610096110  |c 2-1061.087  |l MZK  |r Sklad / do 1 hodiny  |n 2  |p p.v.  |w 000426920  |u 000010  |a 1  |e BOA001  |j MZK50  |s P